000 00295nam a22001217a 4500
999 _c13658
_d13658
020 _a9781119634553
082 _a378.16
100 _aACT
245 _aThe Official ACT
_bReading Guide
_cACT Publication
260 _aNew Jersey
_bJohn Wiley & Sons
_c2020
300 _avii, 280 pages
942 _cBK